| 000 | 01763nam1a2200349 i 4500 | ||
|---|---|---|---|
| 001 | RU\NLR\BIBL_A\011276625 | ||
| 005 | 20260405235437.0 | ||
| 010 |
_a9785090498463 _bобщ. _9140 |
||
| 035 | _a(NLR Aleph) 011276625 | ||
| 090 |
_a10851284 _c10851284 |
||
| 100 | _a20161103d2017 d y0rusy50 ca | ||
| 101 | 0 |
_arus _aspa |
|
| 102 | _aRU | ||
| 105 | _a||||j|||||||| | ||
| 200 | 1 |
_aИспанский язык _e4 класс _eучебник _eдля общеобразовательных организаций и школ с углублённым изучением испанского языка _eв 2 ч. _fА.А. Воинова, Ю.А. Бухарова, К.В. Морено |
|
| 205 | _a4-е изд. | ||
| 210 |
_aМосква _cПросвещение _d2017 _d[т.е. 2016] |
||
| 215 | _d26 | ||
| 225 | 1 | _aФГОС | |
| 300 | _aНа обл.: Español: libro del alumno: 4 / A. Vóinova, J. Bujárova, C. Moreno | ||
| 300 | _aКн. фактически изд. в 2016 г. | ||
| 512 | 1 |
_6z92790 _aEspañol _elibro del alumno _e4 _zspa |
|
| 606 |
_aИспанский язык _jУчебники для специализированных школ _91211111 _3RU\NLR\AUTH\66491709 |
||
| 686 | 3 | _aШ147.21-93рус221[4] | |
| 700 | 1 |
_8rus _7ca _aВоинова _bА.А. _gАльбина Аркадьевна _3RU\NLR\AUTH\7721561 _94623 |
|
| 701 | 1 |
_8rus _7ca _aБухарова _bЮ.А. _gЮлия Алексеевна _3RU\NLR\AUTH\7721564 _94626 |
|
| 701 | 1 |
_8rus _7ca _aМорено _bК. В. _gКармен Викторовна _3RU\NLR\AUTH\77109040 _991965 |
|
| 790 | 1 |
_8rus _7ba _aVoinova _bA.A. _gAl'bina Arkad'evna _3RU\NLR\AUTH\7721562 _94624 |
|
| 852 |
_aNLR _j2016-7/5273 |
||
| 942 | _cBOOK | ||